Countries of Asia With the Letter I - Statistics

General Stats
  • This quiz has been taken 68 times
  • The average score is 30 of 31
Answer Stats
Countries % Correct
China
100%
India
100%
Vietnam
100%
Indonesia
98%
Iran
98%
Iraq
98%
Mongolia
98%
Pakistan
98%
Thailand
98%
United ArabEmirates
98%
Uzbekistan
98%
Afghanistan
97%
Armenia
97%
Azerbaijan
97%
Brunei
97%
Philippines
97%
Tajikistan
97%
Israel
95%
Sri Lanka
95%
Taiwan
95%
Bahrain
93%
Georgia
93%
Maldives
93%
Saudi Arabia
93%
Singapore
93%
Syria
93%
Turkmenistan
93%
Cambodia
92%
Kuwait
92%
Malaysia
92%
East Timor
90%
No matching quizzes found
Score Distribution
Percent of People with Each Score
Percentile by Number Answered
Your Score History
You have not taken this quiz